| 000 | 00856nam a2200193 4500 | ||
|---|---|---|---|
| 001 | 124227 | ||
| 003 | ES-MaACL | ||
| 005 | 20260127062545.0 | ||
| 007 | t| | ||
| 008 | 070214s1919 sp r ||||1| spa d | ||
| 100 | 1 |
_aRedonet y López-Dóriga, Luis, _d1875-1972 _995833 |
|
| 245 | 1 | 0 |
_aCesión de terrenos del Estado y del Municipio a los Sindicatos Obreros Agrícolas _b: conferencia del Excmo. Sr. D. Luis Redonet y López Dóriga, pronunciada en sesión pública del 27 de Marzo de 1919. |
| 260 |
_aMadrid : _b[s. n.], _c1919 ( _fEstablecimiento Tipográfico de Jaime Ratés) |
||
| 300 |
_a29 p. ; _c22 cm. |
||
| 500 | _aPrecede al tít.: Real Academia de Jurisprudencia y Legislación. | ||
| 700 |
_aReal Academia de Jurisprudencia y Legislación de España _9217612 |
||
| 852 |
_aES-MaACL _j1863-F-23 _bR.21490 |
||
| 999 |
_c124227 _d124227 |
||